Let's Draw the Central American Borders Quiz Stats

 Plays Quiz Updated Aug 19, 2017

Challenge
Share
Tweet
Score 0/10 Timer 05:00
0 Plays Today
% Correct
PM - CO
94.3%
CR - PM
91.8%
GU - ME
91.1%
NI - CR
89.9%
HO - NI
89.5%
GU - HO
88.4%
BE - ME
86.7%
GU - ES
85.8%
GU - BE
85%
HO - ES
84%

You're not logged in!

Compare scores with friends on all Sporcle quizzes.
Join for Free
OR
Log In

Show Comments

Extras

Top Quizzes Today


Score Distribution

Your Account Isn't Verified!

In order to create a playlist on Sporcle, you need to verify the email address you used during registration. Go to your Sporcle Settings to finish the process.

Report this User

Report this user for behavior that violates our Community Guidelines.

Details: